| 000 -LEADER |
| fixed length control field |
00729nam a22001337a 4500 |
| 040 ## - CATALOGING SOURCE |
| Transcribing agency |
RRUA |
| 082 ## - DEWEY DECIMAL CLASSIFICATION NUMBER |
| Classification number |
AGR KEA 2017 B633 Or.1 |
| 100 ## - MAIN ENTRY--AUTHOR NAME |
| Personal name |
KEAN VICHET គារ វិចិត្រ |
| 245 ## - TITLE STATEMENT |
| Title |
comparison of neem oil rate on diamonback moth and flea beetle management in chines kale ការប្រៀបធៀបកម្រិតទឹកល្ពៅក្នុងការគ្រប់គ្រងវត្តមានដង្កូវយោងទោលនិងទៀកគូលើដំណាំខាត់ណាដើម |
| 260 ## - PUBLICATION, DISTRIBUTION, ETC. (IMPRINT) |
| Place of publication |
RUA |
| Name of publisher |
phnom penh |
| Year of publication |
2017 |
| 300 ## - PHYSICAL DESCRIPTION |
| Number of Pages |
viii;30p |
| Other physical details |
ill; |
| Dimensions |
29cm |
| 856 ## - ELECTRONIC LOCATION AND ACCESS |
| Uniform Resource Identifier |
https://drive.google.com/file/d/1j-cfUTntYsEHk_oOeEchiTBPMHYL5xDj/view?usp=sharing |
| 942 ## - ADDED ENTRY ELEMENTS (KOHA) |
| Koha item type |
AGR |
| 952 ## - LOCATION AND ITEM INFORMATION (KOHA) |
| Withdrawn status [LOCAL, KOHA] |
0 |
| 952 ## - LOCATION AND ITEM INFORMATION (KOHA) |
| Withdrawn status [LOCAL, KOHA] |
0 |
| 952 ## - LOCATION AND ITEM INFORMATION (KOHA) |
| Withdrawn status [LOCAL, KOHA] |
0 |
| 952 ## - LOCATION AND ITEM INFORMATION (KOHA) |
| Withdrawn status [LOCAL, KOHA] |
0 |
| 952 ## - LOCATION AND ITEM INFORMATION (KOHA) |
| Withdrawn status [LOCAL, KOHA] |
0 |
| 952 ## - LOCATION AND ITEM INFORMATION (KOHA) |
| Withdrawn status [LOCAL, KOHA] |
0 |